Défilé des costumes nationaux à Miss Univers-Quel pays est représenté? - Statistiques

Statistiques générales
  • Ce quiz a été pris 57 fois
  • Le résultat moyen est 8 sur 16
Statistiques - réponses
Par images Réponse % Correct
France
100%
Espagne
90%
Thailande
86%
Nicaragua
74%
Cameroun
68%
Australie
66%
Pérou
58%
Ukraine
40%
Indonésie
38%
Grèce
34%
Pays-Bas
30%
Italie
28%
Birmanie
24%
Costa Rica
22%
Guyana
18%
Danemark
14%
Aucun quiz correspondant
Distribution des résultats
% des personnes avec chaque résultat
Percentile par nombre de réponses
Votre historique - résultats
Vous n’avez pas pris ce quiz